Learn to live (Record no. 266435)

000 -LEADER
fixed length control field 00190 a2200097 4500
001 - CONTROL NUMBER
control field 31362
090 ## - LOCALLY ASSIGNED LC-TYPE CALL NUMBER (OCLC); LOCAL CALL NUMBER (RLIN)
-- 21254
-- 21254
100 ## - MAIN ENTRY--PERSONAL NAME
Personal name Ali
245 ## - TITLE STATEMENT
Title Learn to live
260 ## - PUBLICATION, DISTRIBUTION, ETC.
Place of publication, distribution, etc. karachi
Name of publisher, distributor, etc.
Date of publication, distribution, etc. 1999
942 ## - ADDED ENTRY ELEMENTS (KOHA)
Institution code [OBSOLETE] NUST-CAE
Koha item type
--
Holdings
Withdrawn status Lost status Damaged status Not for loan Collection code Permanent Location Current Location Date acquired Total Checkouts Barcode Date last seen Price effective from Koha item type
          College of Aeronautical Engineering (CAE) College of Aeronautical Engineering (CAE) 04/03/2017   CAE72248 04/05/2017 04/05/2017 Book
          College of Aeronautical Engineering (CAE) College of Aeronautical Engineering (CAE) 04/03/2017   CAE72251 04/05/2017 04/05/2017 Book
© 2023 Central Library, National University of Sciences and Technology. All Rights Reserved.